| Поле | Инд. | ПП | Название | Значение |
|---|---|---|---|---|
| Тип записи | a | |||
| Библиографический уровень | m | |||
| 001 | Контрольный номер | RU/IS/BASE/315048321 | ||
| 005 | Дата корректировки | 20140703183538.6 | ||
| 040 | a | Служба первич. каталог. | НБ ТвГУ | |
| b | Код языка каталог. | rus | ||
| e | Правила каталог. | PSBO | ||
| 041 | 0_ | a | Код языка текста | rus |
| 080 | a | Индекс УДК | 811.161.1'344(043.3) | |
| 080 | a | Индекс УДК | 929Брюсов | |
| 084 | a | Индекс другой классификации/Индекс ББК | Ш141.12-71Брюсов.я031 | |
| 084 | a | Индекс другой классификации/Индекс ББК | Ш141.12-11я031 | |
| 084 | a | Индекс другой классификации/Индекс ББК | Ш5(2=411.2)53-4Брюсов В.Я.457я031 | |
| 090 | a | Полочн. индекс | Ш141.12 | |
| x | Авторский знак | И 98 | ||
| 100 | 1_ | a | Автор | Ищенко Диана Сергеевна |
| q | Полное имя | Ищенко Д. С. | ||
| 245 | 10 | a | Заглавие | Фоносемантические и цветофоносемантические художественные ассоциации в поэтической речи (на материале творчества В. Я. Брюсова) |
| b | Продолж. заглавия | автореф. дис. ... канд. филол. наук : 10.02.01 | ||
| c | Ответственность | ГОУ ВПО "Кубан. гос. ун-т" | ||
| 260 | a | Место издания | Ставрополь | |
| b | Издательство | Кубанский государственный университет | ||
| c | Дата издания | 2009 | ||
| 300 | a | Объем | 22 с. | |
| b | Иллюстрации/ тип воспроизводства | табл. | ||
| 500 | a | Примечание | На правах рукоп. | |
| 504 | a | Библиография | Библиогр. в конце кн. (9 назв.) | |
| 653 | a | Ключевые слова | Брюсов, Валерий Яковлевич, о нем | |
| a | Ключевые слова | Писатели | ||
| a | Ключевые слова | Поэтическая речь | ||
| a | Ключевые слова | Поэты | ||
| a | Ключевые слова | Русская литература | ||
| a | Ключевые слова | Русская поэзия | ||
| a | Ключевые слова | Русские писатели | ||
| a | Ключевые слова | Русские поэты | ||
| a | Ключевые слова | Русский язык | ||
| a | Ключевые слова | Фонетика поэтической речи | ||
| a | Ключевые слова | Фонетика русского языка | ||
| a | Ключевые слова | Фоносемантические ассоциации | ||
| a | Ключевые слова | Цветофоносемантические ассоциации | ||
| a | Ключевые слова | Язык Брюсова | ||
| a | Ключевые слова | Язык писателей | ||
| a | Ключевые слова | Авторефераты | ||
| 920 | a | Оператор | Густ | |
| 930 | a | Новая/Ретро | авторефераты | |
| 952 | c | Вид литературы | А/Р н | |
| 954 | a | Дата поступления на обработку | 20100407 |